000
00288nam a22001337a 4500
008
181029b xxu||||| |||| 00| 0 eng d
020
_a
9780073394800
041
_a
eng
080
_2
4th
_a
573
100
_a
11
101
_a
BIO
245
_a
Human Biology
_c
Daron,P.R
942
_2
udc
_c
BK
999
_c
50949
_d
50949